header

Angiogenesis (Record no. 3120)

MARC details
000 -LEADER
fixed length control field 01328nam a2200337Ia 4500
245 00 - TITLE STATEMENT
Title Angiogenesis
260 ## - PUBLICATION, DISTRIBUTION, ETC. (IMPRINT)
Place of publication New York, NY :
Name of publisher Springer,
Year of publication c2008.
300 ## - PHYSICAL DESCRIPTION
Number of Pages xix, 601 p. :
Other physical details ill., port. (some col.).
650 #0 - SUBJECT ADDED ENTRY--TOPICAL TERM
Topical Term Neovascularization.
Topical Term Blood
700 1# - ADDED ENTRY--PERSONAL NAME
Personal name Figg, William D.
Personal name Folkman, M. Judah.
856 40 - ELECTRONIC LOCATION AND ACCESS
Uniform Resource Identifier http://site.ebrary.com/lib/rucke/Doc?id=10284529

No items available.

© 2026 Rongo University
Contact us: librarian | system librarian | Rongo university